000 00805cam a22002413a 4500
001 10677
003 PGUSA
005 20140828083227.0
008 040101s2004||||xxu|||||s|||||000 | eng d
040 _aPGUSA
_beng
042 _adc
050 4 _aF206
100 1 _aHarris, Thaddeus Mason,
_d1768-1842
245 1 0 _aBiographical Memorials of James Oglethorpe :
_bFounder of the Colony of Georgia, in North America.
_h[electronic resource] /
_cThaddeus Mason Harris
260 _bProject Gutenberg,
_c2004
506 _aPublic domain in the USA.
516 _aElectronic text
653 _aGeorgia -- History -- Colonial period, ca. 1600-1775
653 _aOglethorpe, James Edward, 1696-1785
830 0 _aProject Gutenberg
_v10677
856 4 0 _uhttp://www.gutenberg.org/ebooks/10677
942 _cEB
999 _c239932
_d239932